LEADER 01145nam a2200265 u 4500 001 000000031585 003 CaOOAMICUS 005 20070226112145.0 008 971006s1980 it u000 u ita u 035 $a10771587 040 $aPUL$bita 130 0 $aBiblia.$pN.T.$pLucas.$lItaliano.$0(OLS)http://pul/title/158588 245 13$aIl Vangelo secondo Luca /$ccommento di Karl Heinrich Rengstorf ; edizione italiana a cura di Tommaso Federici. 260 $aBrescia :$bPaideia,$c1980. 300 $a496 p. ;$c21 cm 490 1 $aNuovo Testamento ;$v3 700 1 $aFederici, Tommaso,$d1927-$0(OLS)http://pul/name/903 700 1 $aRengstorf, Karl Heinrich,$d1903-.$tEvangelium nach Lukas$lItaliano.$0(OLS)http://pul/name/25191 830 0$aNuovo Testamento (Paideia) ;$v3.$0(OLS)http://pul/title/37005 850 $aPUL 852 $aPUL$W1$xSL Religione 1$y3$m1(7) M 10$j43614$nBK-PRI$b $qStampati$B43614$CPULBib$Z2$F43614 $H $81 941 1 $a8 961 $aINV: 48636 996 $6245$aIl Vangelo secondo Luca$9(OLS)http://pul/title/43442 996 $6260$aBrescia :$bPaideia$9(OLS)http://pul/publisher/47884 LEADER 01642nam a2200385 a 4500 001 000000152965 003 CaOOAMICUS 005 20160718132652.0 008 160718s2006 it u000 u ita r 020 $a88-343-1321-6* 032 $aLibriCat 040 $aPUL$bita 041 1 $aita$alat$hlat 100 1 $aFumagalli Carulli, Ombretta,$d1944-$0(OLS)http://pul/name/27859 245 11$a"A Cesare ciò che è di Cesare, a Dio ciò che è di Dio" :$blaicità dello Stato e libertà delle Chiese /$cOmbretta Fumagalli Carulli. 260 $aMilano :$bV&P,$c©2006. 300 $aX, 157 p. ;$c22 cm. 490 1 $aRicerche. Diritto 490 1 $aVita e pensiero. Università 504 $aBibliografia in nota. 650 4$aLaicità.$0(OLS)http://pul/subject/38693 830 0$aUniversità (Vita e Pensiero).$0(OLS)http://pul/title/154439 830 0$aRicerche (Vita e Pensiero). $pDiritto.$0(OLS)http://pul/title/200205 850 $aPUL 852 $aPUL$W1$xDP1 Fondo G. Barberini$y122$m3 B 9$j115059$qFondi$B178480$CPULBib$Z2$F178480 $HBar1522 $81 941 1 $a1 961 $aDedica autografa dell'autore. 983 0$aVita e pensiero.$pUniversità. 983 0$aV & P. Università. 983 0$aDiritto.$pRicerche (Vita e pensiero) 983 0$aV & P. Diritto. Ricerche. 996 $6020$a88-343-1321-6*$9(OLS)http://pul/number/160644 996 $6245$a"A Cesare ciò che è di Cesare, a Dio ciò che è di Dio" :$blaicità dello Stato e libertà delle Chiese$9(OLS)http://pul/title/192403 996 $6260$aMilano :$bV&P$9(OLS)http://pul/publisher/78336